000 00368nam a22001457a 4500
020 _qPB.
040 _cFizza Ishaq
082 _b1984.
100 _aSked,Alan.
_9133795
245 _aPost-war Britain A Political History /
_cAlan Sked.
250 _a2nd Ed.
260 _aNew York;
_bPenguin Books,
_c1984.
300 _a478 p. ;
_c7.7x4.9 inches
942 _2ddc
_cBK
999 _c616756
_d616756